|
|
|
|
| LEADER |
00000nam a22000007ib4500 |
| 001 |
IT\ICCU\RAV\0239642 |
| 003 |
ItRI |
| 005 |
20260115231929.0 |
| 008 |
940709s1993 it |||||| ||||| |||||c |
| 020 |
|
|
|a 8877481323
|
| 040 |
|
|
|b ita
|c importazione bologna sebina
|
| 041 |
|
7 |
|a ita
|2 ISO-639-2
|
| 082 |
|
|
|a 791
|9 SPETTACOLI PUBBLICI
|2 20
|
| 245 |
0 |
3 |
|a Il Patalogo sedici,
|p annuario 1993 dello spettacolo,
|p teatro.
|
| 246 |
1 |
3 |
|a Patalogo 16.
|9 IT\ICCU\RAV\0239644
|
| 260 |
|
|
|a Milano :
|b Ubulibri,
|c 1993
|
| 300 |
|
|
|a 271 p. :
|b ill. ;
|c 24 cm.
|
| 500 |
|
|
|a Tit. sul dorso
|0 IT\ICCU\RAV\0239644
|
| 650 |
|
7 |
|a SPETTACOLO
|x 1993
|x Annuari
|2 scbi
|
| 650 |
|
7 |
|a TEATRO
|x 1993
|x Annuari
|2 scbi
|
| 773 |
0 |
|
|w IT\ICCU\VEA\0006022
|t Il patalogo ...
|g 16
|
| 942 |
|
|
|2 ddc
|c BK
|n 0
|
| 952 |
|
|
|0 0
|1 0
|4 0
|6 DOC_791_405000000000000_PAT
|7 0
|9 16933
|a BO
|b BO
|d 2026-01-15
|i 6015
|l 0
|o DOC 791.405 PAT
|p BO6015
|r 2026-01-15 23:19:29
|w 2026-01-15
|x [Sebina 7] [1 v.]
|y BK
|z 1 v.
|
| 999 |
|
|
|c 14463
|d 14463
|